000 00657nam a2200193Ia 4500
999 _c34501
_d34501
003 GCL
005 20240530102751.0
008 140319s9999 xx 000 0 ara d
040 _aGCL /
_cGCL
082 0 4 _a210/
_bم إ
100 1 _aعبدالعزيز محمد عزام
245 1 0 _a"النظام القضائى فى الاسلام "" الجزء الاول """ /
_cعبدالعزيز محمد عزام
260 _a[S.N] :
_bالمؤسسة العربية الحديثة ،
_c1988
490 _aاسلاميات
_v0
650 0 4 _aالاسلام
650 0 4 _aالسيرة النبوية
650 0 4 _aالنظام القضائى
942 _2ddc
_cBK